[Event "DVM U14 2011"]
[Site "Lingen (Ems) GER"]
[Date "2011.12.29"]
[Round "6"]
[White "Schissler, Cornelius"]
[Black "Greßmann, Moritz"]
[Result "1/2-1/2"]
[Termination "normal"]
[Board "6.1"]
[WhiteElo "1410"]
[BlackElo "1748"]
[WhiteTeam "SC Widdern"]
[BlackTeam "BSV 63 Chemie Weißensee"]
[WhiteFideId "12946290"]
[BlackFideId "24695084"]
[EventCountry "GER"]
[EventRounds "7"]
[EventType "team-swiss"]
[EventDate "2011.12.26"]

1. e4 d6 2. d4 Nf6 3. Nc3 g6 4. Nf3 Bg7 5. h3 O-O 6. Bc4 c5 7. Be3 cxd4 8. Nxd4
Nc6 9. Nxc6 bxc6 10. O-O Bb7 11. Qe2 Qc7 12. Rad1 Rfd8 13. Bg5 Qb6 14. Rb1 Qc5
15. Be3 Qa5 16. Bd2 Qc7 17. Bf4 e5 18. Bg3 Nh5 19. Rfd1 Nxg3 20. fxg3 d5 21.
exd5 cxd5 22. Bxd5 Bxd5 23. Rxd5 Rxd5 24. Nxd5 Qc5+ 25. Ne3 Bh6 26. Re1 Rc8 27.
c3 Ra8 28. Qf2 1/2-1/2

[Event "DVM U14 2011"]
[Site "Lingen (Ems) GER"]
[Date "2011.12.29"]
[Round "6"]
[White "Donath, Johann"]
[Black "Dirks, Alexander"]
[Result "1-0"]
[Termination "normal"]
[Board "6.2"]
[WhiteElo "1871"]
[BlackElo "1372"]
[WhiteTeam "BSV 63 Chemie Weißensee"]
[BlackTeam "SC Widdern"]
[WhiteFideId "24685160"]
[BlackFideId "12946303"]
[EventCountry "GER"]
[EventRounds "7"]
[EventType "team-swiss"]
[EventDate "2011.12.26"]

1. d4 d5 2. Nf3 Nf6 3. c4 e6 4. Nc3 c5 5. cxd5 exd5 6. Bg5 Be6 7. e3 Be7 8.
Bb5+ Nbd7 9. dxc5 Bxc5 10. O-O a6 11. Bxf6 gxf6 12. Be2 Ne5 13. Rc1 Ba7 14. Nd4
Qd7 15. Kh1 Rg8 16. b4 Ke7 17. b5 Nc4 18. a4 Bxd4 19. Qxd4 Rac8 20. Bf3 Rgd8
21. Rfd1 Nb2 22. Qb4+ Qd6 23. Qxb2 Qe5 24. Qb4+ Qd6 25. Qxd6+ Rxd6 26. Ne2 Rxc1
27. Rxc1 axb5 28. axb5 Bd7 29. Nd4 Rb6 30. h3 Be6 31. Bg4 f5 32. Bxf5 Kf6 33.
Bxh7 1-0

[Event "DVM U14 2011"]
[Site "Lingen (Ems) GER"]
[Date "2011.12.29"]
[Round "6"]
[White "Weinmeister, Nico"]
[Black "Greßmann, Hanna"]
[Result "1/2-1/2"]
[Termination "normal"]
[Board "6.3"]
[WhiteElo "1380"]
[BlackElo "1327"]
[WhiteTeam "SC Widdern"]
[BlackTeam "BSV 63 Chemie Weißensee"]
[WhiteFideId "12946311"]
[BlackFideId "12930709"]
[EventCountry "GER"]
[EventRounds "7"]
[EventType "team-swiss"]
[EventDate "2011.12.26"]

1. e4 e5 2. Nf3 Nc6 3. d4 exd4 4. Nxd4 Nf6 5. Nxc6 bxc6 6. Bd3 Bc5 7. Bg5 d6 8.
O-O O-O 9. Qf3 Bd4 10. c3 Be5 11. Qe3 Ng4 12. Qd2 Qd7 13. h3 h6 14. f4 hxg5 15.
fxe5 Nxe5 16. Bc2 g4 17. h4 Qe7 18. Qf2 Ng6 19. g3 Ne5 20. Nd2 Be6 21. Qf4 f6
22. Kg2 Qf7 23. Bb3 Nd3 24. Qe3 Nc5 25. Rh1 Nxb3 26. axb3 Bxb3 27. Rxa7 Rxa7
28. Qxa7 Be6 29. Qb7 f5 30. Rf1 Qd7 31. exf5 Bxf5 32. Qb3+ d5 33. Qd1 Kh8 34.
Qe2 1/2-1/2

[Event "DVM U14 2011"]
[Site "Lingen (Ems) GER"]
[Date "2011.12.29"]
[Round "6"]
[White "Boehling, Richard"]
[Black "Hoffmann, Jens"]
[Result "0-1"]
[Termination "normal"]
[Board "6.4"]
[WhiteElo "1318"]
[BlackElo "1375"]
[WhiteTeam "BSV 63 Chemie Weißensee"]
[BlackTeam "SC Widdern"]
[WhiteFideId "12946176"]
[BlackFideId "12946320"]
[EventCountry "GER"]
[EventRounds "7"]
[EventType "team-swiss"]
[EventDate "2011.12.26"]

1. e4 e5 2. Nf3 Nc6 3. Bc4 Bc5 4. c3 Nf6 5. d3 d6 6. Nbd2 O-O 7. O-O Bg4 8. Re1
Qe7 9. Nf1 h6 10. Ng3 Nh7 11. h3 Bxf3 12. Qxf3 Qf6 13. Nf5 Ng5 14. Bxg5 Qxg5
15. Qg3 Qxg3 16. Nxg3 a6 17. Nf5 Kh7 18. b4 Bb6 19. Bd5 g6 20. Bxc6 bxc6 21.
Ne7 c5 22. Nd5 cxb4 23. Nxb6 cxb6 24. cxb4 Rac8 25. Rac1 a5 26. b5 Rc5 27. Rxc5
dxc5 28. a4 Rd8 29. Re3 Rd4 30. g3 Rxa4 31. f4 f6 32. Rf3 Kg7 33. Kf2 Rb4 34.
Re3 Rxb5 35. Re1 Rb2+ 36. Kf3 a4 37. Ra1 Rb4 38. Kg4 h5+ 39. Kf3 b5 40. Ke3 c4
41. dxc4 Rxc4 42. Rb1 b4 43. Rd1 Rd4 44. Rc1 Rd7 45. fxe5 fxe5 46. Rc4 Rb7 47.
Kd2 b3 48. Kc1 b2+ 49. Kb1 a3 50. Ra4 Rb3 51. Ra7+ Kh6 52. Ra5 Rxg3 53. Rc5
Rg1+ 0-1

[Event "DVM U14 2011"]
[Site "Lingen (Ems) GER"]
[Date "2011.12.29"]
[Round "6"]
[White "Petrashov, Alexander"]
[Black "Kardoeus, David"]
[Result "0-1"]
[Termination "normal"]
[Board "7.1"]
[WhiteElo "1751"]
[BlackElo "1757"]
[WhiteTeam "SW  Nürnberg Süd"]
[BlackTeam "SV Werder Bremen"]
[WhiteFideId "24662461"]
[BlackFideId "12912050"]
[EventCountry "GER"]
[EventRounds "7"]
[EventType "team-swiss"]
[EventDate "2011.12.26"]

1. d4 Nf6 2. c4 c5 3. d5 e6 4. Nc3 exd5 5. cxd5 g6 6. e4 d6 7. Bg5 Bg7 8. f4
Qe7 9. Nf3 Bg4 10. Be2 Bxf3 11. Bxf3 O-O 12. O-O a6 13. Qe2 Re8 14. Rae1 Nbd7
15. Bg4 Qf8 16. Qf3 Nxg4 17. Qxg4 Nb6 18. Qh4 f6 19. e5 fxg5 20. fxg5 Qe7 21.
Rf6 Nd7 22. Re6 Qd8 23. Rxe8+ Qxe8 24. e6 Bxc3 25. bxc3 Ne5 26. Qg3 Qe7 27.
Rxe5 dxe5 28. Qxe5 Rd8 29. c4 b5 30. Qf6 Qxf6 31. gxf6 Rd6 32. Kf2 bxc4 33. Ke3
Rxd5 34. Ke4 Rd4+ 35. Ke5 c3 36. f7+ Kg7 37. h4 c2 38. h5 c1=Q 39. h6+ Qxh6 40.
f8=Q+ Kxf8 41. e7+ Kxe7 42. g4 Qf4# 0-1

[Event "DVM U14 2011"]
[Site "Lingen (Ems) GER"]
[Date "2011.12.29"]
[Round "6"]
[White "Aslan, Dersim"]
[Black "Meulner, Fabian"]
[Result "1/2-1/2"]
[Termination "normal"]
[Board "7.2"]
[WhiteElo "1601"]
[BlackElo "1812"]
[WhiteTeam "SV Werder Bremen"]
[BlackTeam "SW  Nürnberg Süd"]
[WhiteFideId "24692271"]
[BlackFideId "12913936"]
[EventCountry "GER"]
[EventRounds "7"]
[EventType "team-swiss"]
[EventDate "2011.12.26"]

1. b3 d5 2. Bb2 Bg4 3. g3 Nf6 4. Bg2 c6 5. Nf3 e6 6. d3 Be7 7. O-O Bxf3 8. exf3
h5 9. c4 h4 10. Nd2 Nbd7 11. Qe2 Qb6 12. d4 hxg3 13. hxg3 O-O 14. c5 Qc7 15. b4
b6 16. Rfc1 bxc5 17. bxc5 Rfb8 18. Bc3 Nf8 19. Rab1 Ng6 20. Nb3 Nd7 21. Bh3
Ndf8 22. Bf1 Bg5 23. f4 Nxf4 24. gxf4 Bxf4 25. Rd1 Ng6 26. Qh5 Bh6 27. Qg4
1/2-1/2

[Event "DVM U14 2011"]
[Site "Lingen (Ems) GER"]
[Date "2011.12.29"]
[Round "6"]
[White "Krasotin, Valentin"]
[Black "Lai Hop, Long"]
[Result "1-0"]
[Termination "normal"]
[Board "7.3"]
[WhiteElo "1624"]
[BlackElo "1079"]
[WhiteTeam "SW  Nürnberg Süd"]
[BlackTeam "SV Werder Bremen"]
[WhiteFideId "12913928"]
[BlackFideId "12942707"]
[EventCountry "GER"]
[EventRounds "7"]
[EventType "team-swiss"]
[EventDate "2011.12.26"]

1. e4 c5 2. Nf3 Nc6 3. d4 cxd4 4. Nxd4 Nf6 5. Nc3 d6 6. Be2 e6 7. O-O Be7 8. f4
Qc7 9. Be3 O-O 10. f5 e5 11. Nb3 b6 12. Qe1 Bb7 13. Qg3 Rfd8 14. Bh6 g6 15.
fxg6 fxg6 16. Rxf6 Bxf6 17. Nd5 Qf7 18. Rf1 Nd4 19. Nxf6+ Qxf6 20. Bc4+ Qe6 21.
Bxe6+ Nxe6 22. Qf3 Rd7 23. Qf6 Re8 24. Qxe6+ 1-0

[Event "DVM U14 2011"]
[Site "Lingen (Ems) GER"]
[Date "2011.12.29"]
[Round "6"]
[White "Bitsch, Sebastian"]
[Black "Siegl, Adrian"]
[Result "1/2-1/2"]
[Termination "normal"]
[Board "7.4"]
[WhiteElo "919"]
[BlackElo "1725"]
[WhiteTeam "SV Werder Bremen"]
[BlackTeam "SW  Nürnberg Süd"]
[BlackFideId "12930156"]
[EventCountry "GER"]
[EventRounds "7"]
[EventType "team-swiss"]
[EventDate "2011.12.26"]

1. d4 d5 2. c4 e6 3. Nf3 Nf6 4. Nc3 Bb4 5. a3 Bxc3+ 6. bxc3 O-O 7. cxd5 exd5 8.
Bg5 Bg4 9. e3 Qd6 10. h3 Bh5 11. Bd3 Nbd7 12. O-O Ne4 13. Bxe4 dxe4 14. g4 exf3
15. gxh5 Qd5 16. Bf4 Qxh5 17. Kh2 c6 18. Rg1 f6 19. Rg3 Rfd8 20. Qb3+ Qd5 21.
Qxb7 Qb5 22. Qxb5 cxb5 23. Rxf3 Rdc8 24. Rc1 Rc4 25. e4 Re8 26. Re3 a5 27. Re2
f5 28. f3 1/2-1/2

[Event "DVM U14 2011"]
[Site "Lingen (Ems) GER"]
[Date "2011.12.29"]
[Round "6"]
[White "Imcke, Patrick"]
[Black "Bilchinski, Anton"]
[Result "1/2-1/2"]
[Termination "normal"]
[Board "8.1"]
[WhiteElo "1848"]
[BlackElo "1820"]
[WhiteTeam "Sportfreunde Katernberg 1913"]
[BlackTeam "SK 1908 Göggingen"]
[WhiteFideId "4622502"]
[BlackFideId "24615765"]
[EventCountry "GER"]
[EventRounds "7"]
[EventType "team-swiss"]
[EventDate "2011.12.26"]

1. e4 c5 2. Nc3 e6 3. Nf3 a6 4. d4 cxd4 5. Nxd4 Qc7 6. Be2 Bb4 7. O-O Nf6 8.
Qd3 O-O 9. Bg5 Be7 10. f4 d6 11. Kh1 Nbd7 12. Qg3 Kh8 13. Bf3 h6 14. Bh4 Qd8
15. Qh3 e5 16. Nf5 Nb6 17. Qg3 Bxf5 18. exf5 Nh5 19. Bxh5 Bxh4 20. Qe3 Bf6 21.
Bf3 exf4 22. Qxf4 Be5 23. Qe4 Rb8 24. Rad1 Re8 25. Qg4 Qc7 26. Be4 Bf6 27. Rd3
Qc4 28. Bf3 Qxg4 29. Bxg4 Rbd8 30. Bf3 Re7 31. g3 Red7 32. Nd5 Nxd5 33. Bxd5
1/2-1/2

[Event "DVM U14 2011"]
[Site "Lingen (Ems) GER"]
[Date "2011.12.29"]
[Round "6"]
[White "Reimann, Sebastian"]
[Black "Dette, Tim"]
[Result "1/2-1/2"]
[Termination "normal"]
[Board "8.2"]
[WhiteElo "1516"]
[BlackElo "1553"]
[WhiteTeam "SK 1908 Göggingen"]
[BlackTeam "Sportfreunde Katernberg 1913"]
[WhiteFideId "12928054"]
[BlackFideId "12946249"]
[EventCountry "GER"]
[EventRounds "7"]
[EventType "team-swiss"]
[EventDate "2011.12.26"]

1. e4 e6 2. d4 d5 3. Nd2 Nf6 4. e5 Nfd7 5. Bd3 c5 6. c3 Nc6 7. Ne2 cxd4 8. cxd4
Qb6 9. Nf3 f6 10. exf6 Nxf6 11. O-O Bd6 12. Qc2 Nb4 13. Qd1 Nxd3 14. Qxd3 O-O
15. Re1 Bd7 16. Bf4 Bxf4 17. Nxf4 Ne4 18. Ne2 Qd6 19. Nc3 Nf6 20. h3 Rae8 21.
Ne5 Bc6 22. Re3 Nd7 23. Rae1 Rf6 24. Ng4 Rg6 25. Ne5 Rf6 26. a3 Nb8 27. Rg3 Qf8
28. Nd1 Nd7 29. Nxd7 Bxd7 30. Re5 Rf5 31. Rxf5 Qxf5 32. Qxf5 exf5 33. Re3 Kf7
34. Rxe8 Kxe8 35. Ne3 Be6 36. f4 Ke7 37. Kf2 Kf6 38. Nd1 Bd7 39. Nc3 Bc6 40. b4
a6 41. a4 b5 42. a5 Ke6 43. Ne2 Bb7 44. Nc1 Bc8 45. Nd3 g6 46. Ne5 Bd7 47. Kg3
Bc8 48. Kh4 Kf6 49. Nd3 h6 50. Kg3 Kf7 51. Kf3 Kf6 52. g4 fxg4+ 53. hxg4 Kf7
54. g5 h5 55. Ne5+ Kg7 56. Nc6 Kf7 57. Nd8+ Ke7 58. Nc6+ Kf7 59. Ne5+ Kg7 60.
Kg3 Bf5 61. Nf3 Bc8 62. Nh4 Kf7 63. Nf3 Kg7 64. Ne1 Bf5 65. Ng2 Kf7 66. Ne3 Ke6
67. Kh4 Be4 68. Kg3 Bf5 69. Kh4 Be4 70. Kh3 1/2-1/2

[Event "DVM U14 2011"]
[Site "Lingen (Ems) GER"]
[Date "2011.12.29"]
[Round "6"]
[White "Marvani, Arman"]
[Black "Reimann, Matthias"]
[Result "0-1"]
[Termination "normal"]
[Board "8.3"]
[WhiteElo "1313"]
[BlackElo "1476"]
[WhiteTeam "Sportfreunde Katernberg 1913"]
[BlackTeam "SK 1908 Göggingen"]
[WhiteFideId "12936731"]
[BlackFideId "12928046"]
[EventCountry "GER"]
[EventRounds "7"]
[EventType "team-swiss"]
[EventDate "2011.12.26"]

1. e4 d6 2. d4 Nf6 3. Nc3 g6 4. f4 Bg7 5. Nf3 O-O 6. e5 dxe5 7. dxe5 Qxd1+ 8.
Kxd1 Ng4 9. Ke1 Nc6 10. h3 Nh6 11. Nd5 Bf5 12. c3 Rac8 13. Kf2 Be4 14. Ne3 Rcd8
15. g4 e6 16. Rg1 Kh8 17. Ng5 Bd3 18. Bg2 Rd7 19. Bd2 Rfd8 20. Kg3 Na5 21. Be1
Nc6 22. Bf2 Be2 23. Be4 Bd3 24. Bf3 Ng8 25. Rgd1 h6 26. Ne4 Bxe4 27. Rxd7 Rxd7
28. Bxe4 Nge7 29. Nc2 Kg8 30. Nd4 Nxd4 31. cxd4 Nd5 32. Rc1 c6 33. f5 g5 34. f6
Bf8 35. a3 Nf4 36. Rc2 Ng6 37. Be3 a6 38. Rc4 Rd8 39. Kf3 Nh4+ 40. Kg3 Ng6 41.
Kf2 Rd7 42. Ke2 Rd8 43. Kd2 Nxe5 44. Rc3 Ng6 45. Ke2 Bd6 46. Rb3 Rd7 47. Bf2
Nf4+ 48. Ke1 Nd5 49. Be3 Nxf6 50. Bg2 Bg3+ 51. Ke2 Bh4 52. Rd3 Nd5 53. Rb3 Kg7
54. Kd2 Bg3 55. Bxg5 Bf4+ 56. Bxf4 Nxf4 57. Bf1 Rxd4+ 58. Ke3 e5 59. Rxb7 Nd5+
60. Ke2 Ra4 61. Kd2 Kf6 62. Kc1 Kg7 63. Kb1 e4 64. Ra7 e3 65. Rxa6 Re4 66. Rxc6
e2 67. Bxe2 Rxe2 68. h4 Re4 69. g5 hxg5 70. hxg5 Rg4 71. Rc5 Rxg5 72. b4 Rg1+
73. Kb2 Rd1 74. Kb3 f5 75. b5 f4 76. b6 Nxb6 77. Rf5 Rf1 78. Kc3 Kg6 79. Rf8
Kg5 80. Kd2 Nd5 81. Ke2 Ra1 82. Rd8 Ne3 83. Kf3 Rf1+ 84. Ke4 Kg4 85. Rg8+ Kh3
86. Rf8 Kg3 87. Rg8+ Kh3 88. Rf8 Ng2 89. Rh8+ Kg3 90. Rg8+ Kf2 91. Rf8 Kg1 92.
a4 Ra1 93. Ra8 Ra3 94. Rf8 Rxa4+ 95. Kf3 Ra3+ 96. Ke2 Re3+ 97. Kd1 f3 98. Kd2
f2 0-1

[Event "DVM U14 2011"]
[Site "Lingen (Ems) GER"]
[Date "2011.12.29"]
[Round "6"]
[White "Artz, Tobias"]
[Black "Schimnatkowski, Lukas"]
[Result "1-0"]
[Termination "normal"]
[Board "8.4"]
[WhiteElo "1388"]
[BlackElo "1338"]
[WhiteTeam "SK 1908 Göggingen"]
[BlackTeam "Sportfreunde Katernberg 1913"]
[WhiteFideId "12928127"]
[BlackFideId "12936723"]
[EventCountry "GER"]
[EventRounds "7"]
[EventType "team-swiss"]
[EventDate "2011.12.26"]

1. e4 e6 2. d4 d5 3. exd5 exd5 4. Bd3 c5 5. Qe2+ Qe7 6. Qxe7+ Bxe7 7. dxc5 Bxc5
8. Ne2 Nc6 9. O-O Nf6 10. Bg5 Ng4 11. h3 Nge5 12. Nf4 d4 13. Nd5 O-O 14. Nd2
Nxd3 15. cxd3 Ne5 16. Ne4 Nxd3 17. Nxc5 Nxc5 18. Be7 Be6 19. Bxc5 Rfd8 20. Nc7
Rac8 21. Nxe6 fxe6 22. Bxa7 Rc6 23. Rac1 Rcd6 24. Bc5 Rd5 25. Bb4 e5 26. Rc5
Kf7 27. Rxd5 Rxd5 28. Re1 Ke6 29. f3 Kf5 30. Kf2 Rb5 31. g4+ Ke6 32. a3 Kd5 33.
Rc1 g6 34. Kg3 Rb6 35. Rc5+ Ke6 36. f4 d3 37. Rxe5+ Kf6 38. Rd5 h5 39. Rxd3
hxg4 40. Rd6+ Rxd6 41. Bxd6 gxh3 42. Kxh3 Ke6 43. Bb4 Kf5 44. Kg3 Ke4 45. Kg4
Kd3 46. Kg5 b5 47. Bd6 Kd2 48. Be5 Kc2 49. Kxg6 Kb3 50. f5 b4 51. axb4 Kxb4 52.
b3 Kxb3 53. Bc3 Kc4 54. f6 Kxc3 55. f7 Kd4 56. f8=Q 1-0

[Event "DVM U14 2011"]
[Site "Lingen (Ems) GER"]
[Date "2011.12.29"]
[Round "6"]
[White "Beeck, Mats"]
[Black "Bykov, Ilya"]
[Result "0-1"]
[Termination "normal"]
[Board "9.1"]
[WhiteElo "1671"]
[BlackElo "1720"]
[WhiteTeam "SK Doppelbauer Kiel"]
[BlackTeam "Karlsruher SF 1853"]
[WhiteFideId "12936944"]
[BlackFideId "12918059"]
[EventCountry "GER"]
[EventRounds "7"]
[EventType "team-swiss"]
[EventDate "2011.12.26"]

1. Nf3 Nf6 2. c4 d6 3. d4 g6 4. Nc3 Bg7 5. e4 O-O 6. Be2 e5 7. O-O Nbd7 8. Re1
Ne8 9. Bf1 c6 10. Rb1 Nc7 11. d5 c5 12. a3 f5 13. b4 f4 14. Nd2 g5 15. Nb3 b6
16. bxc5 bxc5 17. Na5 Nb6 18. Be2 Rf6 19. Bg4 Rh6 20. Bxc8 Qxc8 21. Nc6 Bf8 22.
Qe2 Rg6 23. g4 Rh6 24. f3 Rh4 25. Kg2 h5 26. h3 Qd7 27. Bd2 Qh7 28. Rh1 Ne8 29.
Be1 hxg4 30. Bxh4 gxf3+ 31. Kxf3 Qxh4 32. Rbg1 Nf6 33. Rh2 Kh8 34. Rg4 Qh5 35.
Qg2 Nxc4 36. Kf2 Ne3 37. Rxg5 0-1

[Event "DVM U14 2011"]
[Site "Lingen (Ems) GER"]
[Date "2011.12.29"]
[Round "6"]
[White "Weinmann, Balduin"]
[Black "Wanner, Lukas"]
[Result "0-1"]
[Termination "normal"]
[Board "9.2"]
[WhiteElo "1116"]
[BlackElo "1594"]
[WhiteTeam "Karlsruher SF 1853"]
[BlackTeam "SK Doppelbauer Kiel"]
[BlackFideId "12918148"]
[EventCountry "GER"]
[EventRounds "7"]
[EventType "team-swiss"]
[EventDate "2011.12.26"]

1. d4 Nf6 2. Bf4 g6 3. Nf3 d5 4. e3 Bg7 5. c3 O-O 6. Bd3 c6 7. Nbd2 Nbd7 8. h4
Nh5 9. g4 Nxf4 10. exf4 Nb6 11. Rg1 f5 12. g5 Qd6 13. Ne5 Bxe5 14. fxe5 Qc7 15.
f4 c5 16. h5 Kf7 17. hxg6+ hxg6 18. Rh1 Rg8 19. Qf3 Be6 20. Rh7+ Rg7 21. Qh3
Rag8 22. Rh8 Qc8 23. Rh6 a6 24. Nf3 Na4 25. Rb1 b5 26. b3 Nxc3 27. Rc1 b4 28.
a4 c4 29. bxc4 dxc4 30. Bf1 Nxa4 31. Qh2 b3 32. Rb1 c3 33. Bd3 c2 34. Bxc2 Qxc2
35. Qxc2 bxc2 36. Rc1 Rc8 37. Rh2 Rc3 38. Ng1 Nb6 39. Rcxc2 Rxc2 40. Rxc2 Nc4
41. Nf3 Rg8 42. Nd2 Ne3 43. Rc6 Ra8 44. Ke2 Nd5 45. Kd1 Nxf4 0-1

[Event "DVM U14 2011"]
[Site "Lingen (Ems) GER"]
[Date "2011.12.29"]
[Round "6"]
[White "Andreßen, Kay"]
[Black "Ospina Ocampo, Antonio"]
[Result "1/2-1/2"]
[Termination "normal"]
[Board "9.3"]
[WhiteElo "1381"]
[BlackElo "934"]
[WhiteTeam "SK Doppelbauer Kiel"]
[BlackTeam "Karlsruher SF 1853"]
[BlackFideId "12946362"]
[EventCountry "GER"]
[EventRounds "7"]
[EventType "team-swiss"]
[EventDate "2011.12.26"]

1. e4 e5 2. Nf3 Nc6 3. Bc4 Nf6 4. Ng5 d5 5. exd5 Na5 6. Bb5+ c6 7. dxc6 Nxc6 8.
O-O Bd6 9. d3 Bd7 10. Nc3 O-O 11. Nf3 h6 12. Ne4 Bc7 13. Re1 Re8 14. h3 a6 15.
Bc4 Na5 16. Bb3 Nxb3 17. axb3 Bc6 18. Bd2 Nxe4 19. dxe4 Qf6 20. Ba5 b6 21. Bd2
Bb7 22. c4 Rad8 23. Qc2 Re6 24. Be3 Qg6 25. Nd2 Rc6 26. f3 a5 27. g4 Bd6 28.
Kg2 Bb4 29. Red1 Rcd6 30. Nf1 Rxd1 31. Rxd1 Rd6 32. Ng3 Bc8 33. Nf5 Bxf5 34.
exf5 Qf6 35. Rxd6 Qxd6 36. Qe4 Bc5 37. Bxc5 Qxc5 38. f4 exf4 39. Qxf4 f6
1/2-1/2

[Event "DVM U14 2011"]
[Site "Lingen (Ems) GER"]
[Date "2011.12.29"]
[Round "6"]
[White "Sirbu, Nikita"]
[Black "Malinin, Nikita"]
[Result "0-1"]
[Termination "normal"]
[Board "9.4"]
[WhiteElo "805"]
[BlackElo "1410"]
[WhiteTeam "Karlsruher SF 1853"]
[BlackTeam "SK Doppelbauer Kiel"]
[WhiteFideId "12946370"]
[BlackFideId "12946214"]
[EventCountry "GER"]
[EventRounds "7"]
[EventType "team-swiss"]
[EventDate "2011.12.26"]

1. e4 e5 2. Nf3 Nc6 3. Bb5 a6 4. Bxc6 dxc6 5. O-O Bd6 6. d4 f6 7. dxe5 fxe5 8.
Nc3 Bd7 9. Re1 Qe7 10. Bg5 Nf6 11. h3 O-O-O 12. Qd2 h6 13. Bxf6 Qxf6 14. Qe3
Kb8 15. Rad1 Rdg8 16. a3 g5 17. Rd3 h5 18. Nd2 g4 19. hxg4 Rxg4 20. Qf3 Qg7 21.
Rd1 Rf8 22. Qe3 Rxg2+ 23. Kf1 Rgxf2+ 24. Ke1 Qg1+ 25. Nf1 Qxf1# 0-1

[Event "DVM U14 2011"]
[Site "Lingen (Ems) GER"]
[Date "2011.12.29"]
[Round "6"]
[White "Rausch, Adrian"]
[Black "Müller, Max"]
[Result "1/2-1/2"]
[Termination "normal"]
[Board "10.1"]
[WhiteElo "1706"]
[BlackElo "1644"]
[WhiteTeam "SV Backnang"]
[BlackTeam "SC Caissa Schwarzenbach"]
[WhiteFideId "12929069"]
[BlackFideId "12900486"]
[EventCountry "GER"]
[EventRounds "7"]
[EventType "team-swiss"]
[EventDate "2011.12.26"]

1. d4 Nf6 2. c4 g6 3. Nc3 Bg7 4. e4 d6 5. f3 O-O 6. Be3 Na6 7. Qd2 c5 8. d5 Re8
9. O-O-O Nc7 10. g4 a6 11. h4 Rb8 12. h5 b5 13. hxg6 fxg6 14. Bh6 bxc4 15. Bxg7
Kxg7 16. Qh6+ Kg8 17. Nge2 Rf8 18. Nf4 Qe8 19. g5 Nh5 20. Nxh5 gxh5 21. Rxh5
Qf7 22. g6 Qf4+ 23. Qxf4 Rxf4 24. Rxh7 Rxf3 25. Rxe7 Nb5 26. Nxb5 axb5 27. Be2
Rg3 28. g7 Rxg7 1/2-1/2

[Event "DVM U14 2011"]
[Site "Lingen (Ems) GER"]
[Date "2011.12.29"]
[Round "6"]
[White "Backens, Johannes"]
[Black "Wendland, Tobias"]
[Result "1-0"]
[Termination "normal"]
[Board "10.2"]
[WhiteElo "1235"]
[BlackElo "1621"]
[WhiteTeam "SC Caissa Schwarzenbach"]
[BlackTeam "SV Backnang"]
[WhiteFideId "12946389"]
[BlackFideId "24662267"]
[EventCountry "GER"]
[EventRounds "7"]
[EventType "team-swiss"]
[EventDate "2011.12.26"]

1. e4 e6 2. d4 d5 3. Nc3 Nf6 4. e5 Nfd7 5. f4 c5 6. Nf3 Nc6 7. Be3 Be7 8. Be2
O-O 9. Qd2 Qb6 10. O-O-O c4 11. h4 Qa6 12. Qe1 b5 13. Qg3 b4 14. Nb1 c3 15.
Bxa6 Bxa6 16. bxc3 bxc3 17. Nxc3 Ba3+ 18. Kd2 Bb4 19. f5 Na5 20. f6 g6 21. Ke1
Bxc3+ 22. Bd2 Bxd2+ 23. Rxd2 h5 24. Qg5 Kh7 25. g4 hxg4 26. Qxg4 Rh8 27. h5 Kg8
28. Rdh2 Rb8 29. Kf2 Rb7 30. Kg3 Kf8 31. hxg6 Rg8 32. g7+ Ke8 33. Rh8 Nxf6 34.
exf6 Kd7 35. Rxg8 1-0

[Event "DVM U14 2011"]
[Site "Lingen (Ems) GER"]
[Date "2011.12.29"]
[Round "6"]
[White "Soos, Philipp"]
[Black "Zimmermeier, Gregor"]
[Result "1-0"]
[Termination "normal"]
[Board "10.3"]
[WhiteElo "1561"]
[BlackElo "877"]
[WhiteTeam "SV Backnang"]
[BlackTeam "SC Caissa Schwarzenbach"]
[WhiteFideId "12943967"]
[EventCountry "GER"]
[EventRounds "7"]
[EventType "team-swiss"]
[EventDate "2011.12.26"]

1. e4 Nc6 2. Nf3 e5 3. Bc4 Nf6 4. Ng5 d5 5. exd5 Nxd5 6. Qh5 g6 7. Qf3 Qxg5 8.
Bxd5 Qe7 9. Bxc6+ Kd8 10. Bxb7 Rb8 11. Qd3+ Qd6 12. Qxd6+ Bxd6 13. Bxc8 Kxc8
14. b3 Bb4 15. Bb2 f6 16. O-O Rd8 17. d3 h5 18. f4 Bd6 19. fxe5 Bxe5 20. Bxe5
fxe5 21. Rf3 Rg8 22. Re3 Kb7 23. Rxe5 Rbf8 24. Nc3 Rf6 25. Rf1 Rc6 26. Ne4 Rxc2
27. Nc5+ Kc8 28. a4 Ra2 29. Re6 g5 30. Re5 c6 31. Re6 Kc7 32. Rf7+ Kd8 33. Rxc6
Ke8 34. Rxa7 Ra1+ 35. Kf2 Rf8+ 36. Ke3 Re1+ 37. Kd2 Re7 38. Rc8+ Kf7 39. Rxf8+
Kxf8 40. Rxe7 Kxe7 41. d4 Kd6 42. b4 Kc6 43. a5 g4 44. a6 h4 45. h3 gxh3 46.
gxh3 Kb6 47. b5 Ka7 48. d5 Kb8 49. b6 Kc8 50. a7 Kd8 51. a8=Q+ Ke7 52. Qc6 Kd8
53. Qc7+ Ke8 54. b7 1-0

[Event "DVM U14 2011"]
[Site "Lingen (Ems) GER"]
[Date "2011.12.29"]
[Round "6"]
[White "Dechant, Joel Julian"]
[Black "Zouani, Samir"]
[Result "0-1"]
[Termination "normal"]
[Board "10.4"]
[WhiteElo "836"]
[BlackElo "1360"]
[WhiteTeam "SC Caissa Schwarzenbach"]
[BlackTeam "SV Backnang"]
[BlackFideId "12946206"]
[EventCountry "GER"]
[EventRounds "7"]
[EventType "team-swiss"]
[EventDate "2011.12.26"]

1. e4 e5 2. Nf3 Nc6 3. Nc3 Nf6 4. d4 Bd6 5. dxe5 Bxe5 6. Nxe5 Nxe5 7. Bg5 h6 8.
Bxf6 Qxf6 9. Nd5 Qd8 10. Qh5 d6 11. O-O-O Bg4 12. Nf6+ Qxf6 13. Bb5+ Ke7 14.
Rxd6 cxd6 0-1

[Event "DVM U14 2011"]
[Site "Lingen (Ems) GER"]
[Date "2011.12.30"]
[Round "7"]
[White "Sabirov, Ramil"]
[Black "Koop, Thorben"]
[Result "1/2-1/2"]
[Termination "normal"]
[Board "1.1"]
[WhiteElo "1720"]
[BlackElo "2099"]
[WhiteTeam "SG Porz"]
[BlackTeam "SV Lingen 1959"]
[WhiteFideId "12900303"]
[BlackFideId "24661619"]
[EventCountry "GER"]
[EventRounds "7"]
[EventType "team-swiss"]
[EventDate "2011.12.26"]

1. e4 c5 2. Nf3 Nc6 3. d3 g6 4. g3 Bg7 5. Bg2 d6 6. O-O Nf6 7. Na3 Bg4 8. h3
Bxf3 9. Qxf3 Nd7 10. c3 O-O 11. Qe2 Rc8 12. Nc2 b5 13. Be3 b4 14. d4 Qa5 15.
Qd3 Nb6 16. Bd2 Na4 17. cxb4 cxb4 18. b3 Nc3 19. Nxb4 Nxb4 20. Bxc3 Nxd3 21.
Bxa5 Bxd4 22. Rad1 Bc3 23. Rxd3 Bxa5 24. e5 Bb4 25. exd6 Bxd6 26. Rfd1 *

[Event "DVM U14 2011"]
[Site "Lingen (Ems) GER"]
[Date "2011.12.30"]
[Round "7"]
[White "Oehne, Timo"]
[Black "Brungs, Sven"]
[Result "0-1"]
[Termination "normal"]
[Board "1.2"]
[WhiteElo "1809"]
[BlackElo "1516"]
[WhiteTeam "SV Lingen 1959"]
[BlackTeam "SG Porz"]
[WhiteFideId "24661635"]
[BlackFideId "12946257"]
[EventCountry "GER"]
[EventRounds "7"]
[EventType "team-swiss"]
[EventDate "2011.12.26"]

1. e4 e5 2. Bc4 Nc6 3. d3 Nf6 4. Nf3 Bc5 5. c3 h6 6. b4 Bd6 7. O-O O-O 8. a4 a6
9. Na3 Ne7 10. Qb3 c6 11. d4 Ng6 12. Re1 b5 13. Bd3 Bc7 14. Bd2 Re8 15. axb5
axb5 16. c4 bxc4 17. Bxc4 d5 18. exd5 cxd5 19. Bb5 Re6 20. dxe5 Nxe5 21. Nd4
Rb6 22. f4 Neg4 23. Rad1 Ne4 24. Bc1 Qh4 25. Nf3 Qf2+ 26. Kh1 Rg6 27. Rf1 Qb6
0-1